书目信息 |
| 题名: |
慧星漫谈
|
|
| 作者: | 阿西莫夫 , 徐登里 ;李广宇 译 | |
| 分册: | ||
| 出版信息: | 北京 科学出版社 1975.07 |
|
| 页数: | 108页 | |
| 开本: | 32开 | |
| 丛书名: | 阿西莫夫少年宇宙丛书 | |
| 单 册: | ||
| 中图分类: | P1-49 , P185.81 | |
| 科图分类: | ||
| 主题词: | 太阳系 | |
| 电子资源: | ||
| ISBN: | ||
| 000 | 00781nam0 2200277 45 | |
| 001 | 0205150812 | |
| 005 | 20060817175042.43 | |
| 010 | @dCNY0.26 | |
| 100 | @a20020515d1975 km y0chiy0120 ea | |
| 101 | 0 | @achi@ceng |
| 102 | @aCN@b110000 | |
| 102 | @aCN@b110000 | |
| 105 | @aaf z 000yy | |
| 200 | 1 | @a慧星漫谈@Ahui xing man tan@f徐登里等编著@Fxu deng li deng bian zhu@g李广宇等译 |
| 210 | @a北京@c科学出版社@d1975.07 | |
| 215 | @a108页@c彩图,图版@d32开 | |
| 225 | @a阿西莫夫少年宇宙丛书 | |
| 410 | @12001 @a阿西莫夫少年宇宙丛书 | |
| 606 | 0 | @a太阳系 |
| 690 | @aP1-49@v4 | |
| 690 | @aP185.81@v3 | |
| 701 | @a阿西莫夫 | |
| 701 | 0 | @a徐登里@Axu deng li@4编著 |
| 702 | 0 | @a李广宇@ALi Guang Yu@4译 |
| 801 | @aCN@bTSTC@c20060817 | |
| 905 | @b309919-923@dP185.81@e99@f5 | |
| 慧星漫谈/徐登里等编著/李广宇等译.-北京:科学出版社,1975.07 |
| 108页:彩图,图版;32开.-(阿西莫夫少年宇宙丛书) |
| ISBN :CNY0.26 |
| ● |
| 相关链接 |
|
|
|
|
正题名:慧星漫谈
索取号:P185.81/99
 
预约/预借
| 序号 | 登录号 | 条形码 | 馆藏地/架位号 | 状态 | 备注 |
| 1 | 0458808 | 204588080 | 密集书库/ [索取号:P185.81/99] | 在馆 | |
| 2 | 0458809 | 204588099 | 密集书库/ [索取号:P185.81/99] | 在馆 |